000 00825nam a2200265Ia 4500
001 21399
003 GE_BSU
008 181216s||||||||xx |||||||||||||| ||und||
020 _a0387576193
040 _cGE_BSU
080 _a539.2
100 _aSasiela, Richard J.
245 _aElectromagnetic Wave Propagation in Turbulence: Evaluation and Application of Mellin Transforms
245 _cEditors L.M. Brekhovskikh., L.B. Felsen., H. A. Haus and other
260 _aBerlin
260 _bSpringer- Verlag
260 _c1994
300 _a300 p. 24cm.
300 _eBibl.:p. 289-295., Index.: p. 297-300
541 _h240 Gel.
653 _aElectromagnetic Wave Propagation in Turbulence: Evaluation and Application of Mellin Transforms
653 _aфизика
653 _aფიზიკა
942 _cBK
999 _c54343
_d54343